00496nam a2200193 a 4500001001300000003000900013005001700022008004100039020000900080082001700089100002600106245002200132260003800154300000900192500003500201505002100236650001900257700002600276nice12345678IN_TiNIC20260116011801.0050524s1978 luca grp 000 0 urd  ac1400a297.24bNAD1 aNadwi, Abul Hasan Ali aMansab-I-Nabuvvat aLucknowbMajlis-E-Tahqeeqatc1978 a286p aincludes index and biblioraphy2 abibl, Ref. Index aIslam-Prophecy1 aNadwi, Abul Hasan Ali